| 000 | 01305nam a2200397 a 4500 | ||
|---|---|---|---|
| 001 | 22976 | ||
| 003 | SK-KTurca | ||
| 005 | 20260513093946.0 | ||
| 008 | 240226s2000 xo r slo | ||
| 015 | _aSNBA2000/08-02664 | ||
| 020 | _a8088963400 | ||
| 035 | _aSNK000345417 | ||
| 035 | _aurn:nbn:sk:snk-amklat | ||
| 035 | _aurn:nbn:sk:snk-am003tzo | ||
| 035 | _a7594D240-7C49-4F8C-B091-83B1BE7B6DC3 | ||
| 040 |
_aSNK _bslo _cSNK _eAACR2 |
||
| 041 | 0 | _aslo | |
| 044 |
_axo _cSK |
||
| 080 |
_a613.88-055.25(035) _21981 |
||
| 100 | 1 |
_aStoppard, Miriam, _d1937- _4aut |
|
| 240 | 1 | 0 |
_aEvery girl's lifeguide _lSlovensky |
| 245 | 1 | 0 |
_aIntímna rukoväť pre dievčatá _cMiriam Stoppardová ; [z anglického originálu preložili Mária Jakubičková a Vladimír Varsík] |
| 260 |
_aBratislava _bMedia klub _c2000 |
||
| 300 |
_a125 s. _bfareb. fotogr. _c22 cm |
||
| 500 | _aFotogr. na tit. strane | ||
| 500 | _aÚdaj o prekl. prevzatý z rubu tit. strany | ||
| 504 | _aReg. | ||
| 650 | 0 | 7 |
_adospievanie _2SNK |
| 650 | 0 | 7 |
_adospievajúce dievčatá _2SNK |
| 650 | 0 | 7 |
_asexuálna výchova _2SNK |
| 655 | 7 |
_apríručky _2SNK |
|
| 700 | 1 |
_aJakubičková, Mária _4trl |
|
| 700 | 1 |
_aVarsik, Vladimír, _d1964- _4trl |
|
| 942 |
_2ddc _cOLDO _n0 |
||
| 999 |
_c22976 _d22976 |
||